[Event "d12"]
[Site "?"]
[Date "2020.08.28"]
[Round "5.6"]
[White "Kulczycka, Zofia"]
[Black "Gaszka, Zuzanna"]
[Result "1/2-1/2"]
[BlackElo "1270"]
[WhiteElo "1149"]
[LiveChessVersion "1.4.8"]

1. e4 {[%clk 0:15:17]} e5 {[%clk 0:15:19]} 2. Nf3 {[%clk 0:15:25]} Nc6
{[%clk 0:15:28]} 3. Bb5 {[%clk 0:15:32]} a6 {[%clk 0:15:36]} 4. Ba4
{[%clk 0:15:40]} Nf6 {[%clk 0:15:44]} 5. O-O {[%clk 0:15:37]} Be7
{[%clk 0:15:52]} 6. Re1 {[%clk 0:15:44]} b5 {[%clk 0:15:59]} 7. Bb3
{[%clk 0:15:50]} O-O {[%clk 0:16:06]} 8. c3 {[%clk 0:15:55]} d5 {[%clk 0:16:09]}
9. exd5 {[%clk 0:15:44]} Nxd5 {[%clk 0:16:17]} 10. Nxe5 {[%clk 0:15:45]} Nxe5
{[%clk 0:16:25]} 11. Rxe5 {[%clk 0:15:52]} c6 {[%clk 0:16:27]} 12. d4
{[%clk 0:14:34]} Bd6 {[%clk 0:16:35]} 13. Re1 {[%clk 0:14:18]} Qh4
{[%clk 0:16:40]} 14. g3 {[%clk 0:13:50]} Qh3 {[%clk 0:16:48]} 15. Bxd5
{[%clk 0:13:04]} cxd5 {[%clk 0:16:54]} 16. Qf3 {[%clk 0:12:40]} Bg4
{[%clk 0:14:42]} 17. Qxd5 {[%clk 0:11:11]} Rae8 {[%clk 0:14:42]} 18. Be3
{[%clk 0:11:01]} Bf4 {[%clk 0:13:23]} 19. Qg2 {[%clk 0:09:53]} Qh5
{[%clk 0:12:44]} 20. gxf4 {[%clk 0:08:05]} Re6 {[%clk 0:11:31]} 21. Nd2
{[%clk 0:03:34]} Bh3 {[%clk 0:10:04]} 22. Qf3 {[%clk 0:02:55]} Rg6+
{[%clk 0:09:02]} 23. Kh1 {[%clk 0:02:52]} Bg2+ {[%clk 0:07:38]} 24. Qxg2
{[%clk 0:02:58]} Rxg2 {[%clk 0:07:46]} 25. Kxg2 {[%clk 0:03:07]} f5
{[%clk 0:07:06]} 26. Rg1 {[%clk 0:02:21]} Rf6 {[%clk 0:05:22]} 27. Kh1
{[%clk 0:01:44]} Rh6 {[%clk 0:04:52]} 28. Rg2 {[%clk 0:01:48]} Re6
{[%clk 0:03:40]} 29. Rag1 {[%clk 0:01:22]} Re7 {[%clk 0:01:28]} 30. Re1
{[%clk 0:01:04]} h6 {[%clk 0:01:21]} 31. Reg1 {[%clk 0:00:47]} Kf8
{[%clk 0:01:00]} 32. Rg6 {[%clk 0:00:41]} Qe2 {[%clk 0:00:29]} 33. R6g2
{[%clk 0:00:48]} a5 {[%clk 0:00:38]} 34. a3 {[%clk 0:00:33]} Rf7 {[%clk 0:00:38]}
35. Rg6 {[%clk 0:00:25]} Qd3 {[%clk 0:00:39]} 36. Rb6 {[%clk 0:00:16]} Re7
{[%clk 0:00:30]} 37. Rb8+ {[%clk 0:00:23]} Kf7 {[%clk 0:00:35]} 38. Rb6
{[%clk 0:00:31]} Kf8 {[%clk 0:00:26]} 39. Rb8+ {[%clk 0:00:39]} Kf7
{[%clk 0:00:35]} 40. Rb6 {[%clk 0:00:42]} Kf8 {[%clk 0:00:42]} 41. Rb8+
{[%clk 0:00:15]} 1/2-1/2

[Event "d12"]
[Site "?"]
[Date "2020.08.28"]
[Round "5.7"]
[White "Salamon, Julia"]
[Black "Arabas, Hanna"]
[Result "1/2-1/2"]
[BlackElo "1186"]
[WhiteElo "1324"]
[LiveChessVersion "1.4.8"]

1. d4 {[%clk 0:15:19]} c6 {[%clk 0:15:19]} 2. c4 {[%clk 0:15:27]} d5
{[%clk 0:15:28]} 3. Nf3 {[%clk 0:15:35]} Nf6 {[%clk 0:15:35]} 4. Nc3
{[%clk 0:15:44]} Bf5 {[%clk 0:15:40]} 5. e3 {[%clk 0:15:50]} e6 {[%clk 0:15:47]}
6. Be2 {[%clk 0:15:37]} Be7 {[%clk 0:15:25]} 7. O-O {[%clk 0:15:43]} O-O
{[%clk 0:15:31]} 8. b3 {[%clk 0:14:09]} h6 {[%clk 0:14:42]} 9. Bb2
{[%clk 0:14:18]} Bd6 {[%clk 0:14:37]} 10. Rc1 {[%clk 0:13:07]} Bc7
{[%clk 0:13:55]} 11. h3 {[%clk 0:12:39]} Nh7 {[%clk 0:13:53]} 12. Bd3
{[%clk 0:11:49]} Bxd3 {[%clk 0:13:42]} 13. Qxd3 {[%clk 0:11:57]} Ng5
{[%clk 0:13:49]} 14. Qe2 {[%clk 0:11:30]} Qd6 {[%clk 0:13:30]} 15. Ne5
{[%clk 0:10:44]} f6 {[%clk 0:13:22]} 16. c5 {[%clk 0:10:53]} Qd8 {[%clk 0:12:58]}
17. Ng6 {[%clk 0:09:49]} Rf7 {[%clk 0:12:45]} 18. f4 {[%clk 0:08:41]} Nh7
{[%clk 0:12:26]} 19. Qg4 {[%clk 0:08:12]} Qd7 {[%clk 0:10:58]} 20. Ne2
{[%clk 0:07:39]} Na6 {[%clk 0:10:57]} 21. a3 {[%clk 0:07:25]} Rc8
{[%clk 0:10:13]} 22. f5 {[%clk 0:07:31]} Re8 {[%clk 0:10:06]} 23. fxe6
{[%clk 0:06:36]} Qxe6 {[%clk 0:09:56]} 24. Qxe6 {[%clk 0:06:35]} Rxe6
{[%clk 0:10:04]} 25. Rc3 {[%clk 0:06:31]} Nf8 {[%clk 0:09:47]} 26. Nef4
{[%clk 0:06:18]} Bxf4 {[%clk 0:09:32]} 27. Nxf4 {[%clk 0:06:26]} Re4
{[%clk 0:09:29]} 28. Rd3 {[%clk 0:05:56]} Nc7 {[%clk 0:09:33]} 29. b4
{[%clk 0:05:50]} Nce6 {[%clk 0:09:24]} 30. Nh5 {[%clk 0:05:28]} Ng5
{[%clk 0:08:26]} 31. Ng3 {[%clk 0:05:36]} Ree7 {[%clk 0:08:28]} 32. Nf5
{[%clk 0:05:43]} Re6 {[%clk 0:07:55]} 33. Nd6 {[%clk 0:04:41]} Ne4
{[%clk 0:07:28]} 34. Nxf7 {[%clk 0:04:49]} Kxf7 {[%clk 0:07:35]} 35. a4
{[%clk 0:04:28]} Ng6 {[%clk 0:07:08]} 36. Kh2 {[%clk 0:04:09]} Ne7
{[%clk 0:06:52]} 37. g3 {[%clk 0:03:47]} h5 {[%clk 0:06:30]} 38. h4
{[%clk 0:03:27]} g6 {[%clk 0:06:27]} 39. Kg2 {[%clk 0:03:23]} Nf5
{[%clk 0:06:31]} 40. Rf3 {[%clk 0:03:09]} Re8 {[%clk 0:06:10]} 41. Bc1
{[%clk 0:03:12]} b6 {[%clk 0:06:06]} 42. Rb3 {[%clk 0:02:39]} Rb8
{[%clk 0:06:02]} 43. Rb2 {[%clk 0:01:41]} bxc5 {[%clk 0:05:27]} 44. bxc5
{[%clk 0:01:21]} Rxb2+ {[%clk 0:05:35]} 45. Bxb2 {[%clk 0:01:30]} Nd2
{[%clk 0:05:41]} 46. Rxf5 {[%clk 0:01:13]} gxf5 {[%clk 0:05:46]} 47. Bc3
{[%clk 0:01:12]} Nc4 {[%clk 0:05:09]} 48. Kf3 {[%clk 0:01:20]} a6
{[%clk 0:05:05]} 49. a5 {[%clk 0:01:07]} Na3 {[%clk 0:05:05]} 50. Kf4
{[%clk 0:00:52]} Kg6 {[%clk 0:04:57]} 51. Bb4 {[%clk 0:00:36]} Nb5
{[%clk 0:04:49]} 52. Bd2 {[%clk 0:00:43]} Nc7 {[%clk 0:04:56]} 53. Kf3
{[%clk 0:00:39]} Nb5 {[%clk 0:04:45]} 54. Bb4 {[%clk 0:00:46]} Kf7
{[%clk 0:04:34]} 55. Kf4 {[%clk 0:00:55]} Ke6 {[%clk 0:04:39]} 56. Kf3
{[%clk 0:01:03]} Nc7 {[%clk 0:04:46]} 57. Kf4 {[%clk 0:01:08]} Ne8
{[%clk 0:04:52]} 58. Kf3 {[%clk 0:01:15]} 1/2-1/2

[Event "d12"]
[Site "?"]
[Date "2020.08.28"]
[Round "6.1"]
[White "Pniewska, Beata"]
[Black "Szczotka, Klara"]
[Result "0-1"]
[BlackElo "1553"]
[WhiteElo "1354"]
[LiveChessVersion "1.4.8"]

1. e4 {[%clk 0:15:16]} c5 {[%clk 0:15:20]} 2. c3 {[%clk 0:15:18]} Nf6 3. e5
{[%clk 0:15:11]} Nd5 {[%clk 0:15:37]} 4. d4 {[%clk 0:14:52]} cxd4
{[%clk 0:15:41]} 5. cxd4 {[%clk 0:14:46]} e6 {[%clk 0:15:49]} 6. Nf3
{[%clk 0:14:31]} d6 {[%clk 0:15:50]} 7. Bc4 {[%clk 0:14:21]} Nc6 {[%clk 0:15:07]}
8. O-O {[%clk 0:14:08]} Be7 {[%clk 0:15:15]} 9. Nc3 {[%clk 0:13:40]} Nxc3
{[%clk 0:14:50]} 10. bxc3 {[%clk 0:13:31]} dxe5 {[%clk 0:13:39]} 11. dxe5
{[%clk 0:13:17]} Qa5 {[%clk 0:13:33]} 12. Qe1 {[%clk 0:12:15]} O-O
{[%clk 0:13:38]} 13. Be3 {[%clk 0:11:48]} Nxe5 {[%clk 0:12:56]} 14. Be2
{[%clk 0:11:13]} Bf6 {[%clk 0:12:51]} 15. Bd2 {[%clk 0:09:48]} Bd7
{[%clk 0:12:24]} 16. c4 {[%clk 0:09:21]} Qc7 {[%clk 0:12:33]} 17. Rc1
{[%clk 0:09:13]} Bc6 {[%clk 0:12:34]} 18. Nd4 {[%clk 0:07:45]} Rad8
{[%clk 0:11:09]} 19. Nb5 {[%clk 0:07:01]} Qb8 {[%clk 0:10:09]} 20. Be3
{[%clk 0:06:22]} a6 {[%clk 0:09:46]} 21. Nd4 {[%clk 0:06:09]} Ng4
{[%clk 0:08:13]} 22. Bxg4 {[%clk 0:05:30]} Bxd4 {[%clk 0:08:22]} 23. Rd1
{[%clk 0:05:07]} Be5 {[%clk 0:07:43]} 24. h3 {[%clk 0:04:35]} Rxd1
{[%clk 0:07:50]} 25. Qxd1 {[%clk 0:04:38]} Rd8 {[%clk 0:07:58]} 26. Qe2
{[%clk 0:04:29]} b5 {[%clk 0:07:56]} 27. Bg5 {[%clk 0:03:47]} Re8
{[%clk 0:07:31]} 28. Rb1 {[%clk 0:02:58]} Bf4 {[%clk 0:07:00]} 29. Bxf4
{[%clk 0:02:34]} Qxf4 {[%clk 0:07:08]} 30. cxb5 {[%clk 0:02:28]} Bxb5
{[%clk 0:07:16]} 31. Qf3 {[%clk 0:02:19]} Qc4 {[%clk 0:07:02]} 32. Qb3
{[%clk 0:02:20]} Qxb3 {[%clk 0:06:07]} 33. Rxb3 {[%clk 0:02:19]} Rd8
{[%clk 0:05:56]} 34. Bf3 {[%clk 0:02:01]} f5 {[%clk 0:05:53]} 35. Ra3
{[%clk 0:02:06]} Rd6 {[%clk 0:05:57]} 36. Bb7 {[%clk 0:02:05]} Kf7
{[%clk 0:05:45]} 37. Kh2 {[%clk 0:02:00]} Ke7 {[%clk 0:05:53]} 38. Ra5
{[%clk 0:01:51]} Rb6 {[%clk 0:05:52]} 39. Bf3 {[%clk 0:01:45]} Kd6
{[%clk 0:05:59]} 40. Ra3 {[%clk 0:01:51]} Bc4 {[%clk 0:05:58]} 41. Bd1
{[%clk 0:01:40]} Kc5 {[%clk 0:05:44]} 42. Bb3 {[%clk 0:01:41]} Bxb3
{[%clk 0:05:50]} 43. axb3 Kb4 44. Ra1 {[%clk 0:01:54]} Kc3 {[%clk 0:06:08]} 45.
Rc1+ {[%clk 0:01:56]} Kd2 {[%clk 0:06:00]} 46. Rc7 {[%clk 0:01:47]} Rxb3
{[%clk 0:05:41]} 47. Rxg7 {[%clk 0:01:55]} h5 {[%clk 0:05:50]} 48. Re7
{[%clk 0:01:52]} Rb6 {[%clk 0:05:56]} 49. Rh7 {[%clk 0:01:58]} Ke2
{[%clk 0:06:04]} 50. f3 {[%clk 0:01:58]} a5 {[%clk 0:06:01]} 51. Ra7
{[%clk 0:01:58]} Rb5 {[%clk 0:06:08]} 52. Kg3 {[%clk 0:02:03]} Ke3
{[%clk 0:06:07]} 53. Re7 {[%clk 0:01:55]} Re5 {[%clk 0:05:52]} 54. f4
{[%clk 0:01:47]} Re4 {[%clk 0:06:01]} 55. Ra7 {[%clk 0:01:44]} a4
{[%clk 0:06:09]} 56. Ra6 {[%clk 0:01:48]} Ke2 {[%clk 0:05:44]} 57. Kh4
{[%clk 0:01:33]} Kf2 {[%clk 0:05:27]} 58. g3 {[%clk 0:01:16]} e5 {[%clk 0:04:19]}
59. Kxh5 {[%clk 0:01:07]} Kxg3 {[%clk 0:03:23]} 60. fxe5 {[%clk 0:01:06]} f4
{[%clk 0:03:25]} 61. Rf6 {[%clk 0:00:22]} Rxe5+ {[%clk 0:03:29]} 62. Kg6
{[%clk 0:00:24]} f3 {[%clk 0:03:32]} 63. h4 {[%clk 0:00:30]} a3 {[%clk 0:03:30]}
64. h5 {[%clk 0:00:33]} a2 {[%clk 0:03:22]} 65. Ra6 {[%clk 0:00:34]} f2
{[%clk 0:03:30]} 66. Rxa2 {[%clk 0:00:40]} f1=Q {[%clk 0:03:37]} 67. Ra3+
{[%clk 0:00:41]} Kf4 {[%clk 0:03:35]} 68. Ra4+ {[%clk 0:00:46]} Re4
{[%clk 0:03:44]} 69. Rxe4+ {[%clk 0:00:53]} Kxe4 {[%clk 0:03:53]} 70. h6
{[%clk 0:01:00]} Qf8 {[%clk 0:03:59]} 71. Kh7 {[%clk 0:00:52]} Qf7+
{[%clk 0:03:29]} 72. Kh8 {[%clk 0:00:57]} Kf5 0-1

[Event "d12"]
[Site "?"]
[Date "2020.08.28"]
[Round "6.2"]
[White "Wojs, Alicja"]
[Black "Sprzeczka, Emilia"]
[Result "0-1"]
[BlackElo "1381"]
[WhiteElo "1432"]
[LiveChessVersion "1.4.8"]

1. e4 {[%clk 0:15:19]} e5 {[%clk 0:15:18]} 2. Nf3 {[%clk 0:15:27]} Nc6
{[%clk 0:15:26]} 3. d4 {[%clk 0:15:36]} exd4 {[%clk 0:15:28]} 4. Nxd4
{[%clk 0:15:44]} Nf6 {[%clk 0:15:36]} 5. Nxc6 {[%clk 0:15:53]} bxc6
{[%clk 0:15:42]} 6. Bd3 {[%clk 0:16:01]} Bc5 {[%clk 0:15:33]} 7. O-O
{[%clk 0:16:08]} O-O {[%clk 0:15:39]} 8. Nc3 {[%clk 0:16:11]} d5 {[%clk 0:15:39]}
9. exd5 {[%clk 0:16:19]} cxd5 {[%clk 0:15:47]} 10. h3 {[%clk 0:16:26]} c6
{[%clk 0:15:39]} 11. Qf3 {[%clk 0:16:28]} Be6 {[%clk 0:14:57]} 12. Bf4
{[%clk 0:16:31]} Bd6 {[%clk 0:14:25]} 13. Bg5 {[%clk 0:16:03]} Be7
{[%clk 0:13:06]} 14. Bf4 {[%clk 0:16:00]} Bd6 {[%clk 0:13:06]} 15. Rfe1
{[%clk 0:15:56]} Bxf4 {[%clk 0:12:43]} 16. Qxf4 {[%clk 0:16:04]} Rb8
{[%clk 0:12:27]} 17. b3 {[%clk 0:15:58]} c5 {[%clk 0:10:50]} 18. Rad1
{[%clk 0:15:28]} Rc8 {[%clk 0:09:01]} 19. Qf3 {[%clk 0:15:14]} Qc7
{[%clk 0:07:59]} 20. Bf5 {[%clk 0:13:43]} Qd7 {[%clk 0:06:46]} 21. Bd3
{[%clk 0:13:12]} Qc7 {[%clk 0:06:50]} 22. Nb5 {[%clk 0:13:08]} Qb6
{[%clk 0:06:13]} 23. Nc3 {[%clk 0:13:03]} Qc7 {[%clk 0:06:01]} 24. Ba6
{[%clk 0:12:15]} Rcd8 {[%clk 0:05:37]} 25. Re2 {[%clk 0:11:25]} Qb6
{[%clk 0:04:47]} 26. Bd3 {[%clk 0:11:27]} c4 {[%clk 0:03:34]} 27. Bf5
{[%clk 0:11:19]} d4 {[%clk 0:02:43]} 28. Ne4 {[%clk 0:10:50]} Bxf5
{[%clk 0:02:33]} 29. Qxf5 {[%clk 0:10:44]} Nxe4 {[%clk 0:02:40]} 30. Qxe4
{[%clk 0:10:36]} c3 {[%clk 0:02:03]} 31. Qd3 {[%clk 0:10:03]} h6 {[%clk 0:00:46]}
32. Kf1 {[%clk 0:09:13]} Rd7 {[%clk 0:00:29]} 33. Re4 {[%clk 0:09:05]} Rfd8
{[%clk 0:00:25]} 34. Rde1 {[%clk 0:08:41]} Kf8 {[%clk 0:00:19]} 35. Rg4
{[%clk 0:08:30]} g6 {[%clk 0:00:20]} 36. Rge4 {[%clk 0:08:09]} Qd6
{[%clk 0:00:18]} 37. Kg1 {[%clk 0:08:04]} Qc5 {[%clk 0:00:18]} 38. a4
{[%clk 0:07:23]} Qb4 {[%clk 0:00:17]} 39. Rf4 {[%clk 0:07:21]} Qd6
{[%clk 0:00:20]} 40. Rh4 {[%clk 0:07:19]} Kg7 {[%clk 0:00:22]} 41. Rhe4
{[%clk 0:07:16]} Kf8 {[%clk 0:00:20]} 42. g3 {[%clk 0:06:46]} Qc5
{[%clk 0:00:24]} 43. Rf4 {[%clk 0:06:48]} Qd6 {[%clk 0:00:33]} 44. h4
{[%clk 0:06:33]} Kg7 {[%clk 0:00:20]} 45. Ree4 {[%clk 0:06:02]} Qc5
{[%clk 0:00:22]} 46. Re2 {[%clk 0:05:59]} Qd6 {[%clk 0:00:29]} 47. Rg4
{[%clk 0:05:25]} Qc5 {[%clk 0:00:23]} 48. Kh2 {[%clk 0:05:04]} Qd5
{[%clk 0:00:19]} 49. Rge4 {[%clk 0:05:09]} Qd6 {[%clk 0:00:26]} 50. Re1
{[%clk 0:04:54]} Qc5 {[%clk 0:00:29]} 51. Kg1 {[%clk 0:04:46]} Qf5
{[%clk 0:00:24]} 52. Kg2 {[%clk 0:04:30]} Qc5 {[%clk 0:00:26]} 53. R1e2
{[%clk 0:04:28]} Qd6 {[%clk 0:00:31]} 54. Kh2 {[%clk 0:03:59]} Qc5
{[%clk 0:00:37]} 55. Re5 {[%clk 0:04:06]} Qd6 {[%clk 0:00:34]} 56. R5e4
{[%clk 0:03:43]} Qf6 {[%clk 0:00:25]} 57. Rf4 {[%clk 0:03:37]} Qd6
{[%clk 0:00:33]} 58. Re1 {[%clk 0:03:41]} Qc5 {[%clk 0:00:34]} 59. Ree4
{[%clk 0:03:37]} Qb4 {[%clk 0:00:23]} 60. Rf3 {[%clk 0:03:29]} Qc5
{[%clk 0:00:28]} 61. Re1 {[%clk 0:02:48]} Qd6 {[%clk 0:00:33]} 62. Rd1
{[%clk 0:02:55]} Qc5 {[%clk 0:00:41]} 63. Rf4 {[%clk 0:02:40]} Re8
{[%clk 0:00:37]} 64. Re4 {[%clk 0:02:37]} Rxe4 {[%clk 0:00:27]} 65. Qxe4
{[%clk 0:02:44]} d3 {[%clk 0:00:18]} 66. Rxd3 {[%clk 0:02:31]} Qxf2+
{[%clk 0:00:25]} 67. Kh3 {[%clk 0:02:21]} Qf1+ {[%clk 0:00:32]} 68. Kh2
{[%clk 0:02:19]} Rxd3 {[%clk 0:00:40]} 69. cxd3 {[%clk 0:02:26]} c2
{[%clk 0:00:44]} 70. Qe5+ {[%clk 0:02:23]} Kh7 {[%clk 0:00:49]} 71. Qe7
{[%clk 0:02:22]} c1=Q {[%clk 0:00:34]} 72. g4 {[%clk 0:02:26]} Qcf4#
{[%clk 0:00:40]} 0-1

[Event "d12"]
[Site "?"]
[Date "2020.08.28"]
[Round "6.4"]
[White "Gaszka, Zuzanna"]
[Black "Babinska, Liwia"]
[Result "1-0"]
[BlackElo "1200"]
[WhiteElo "1270"]
[LiveChessVersion "1.4.8"]

1. e4 {[%clk 0:15:19]} e5 {[%clk 0:15:19]} 2. Nf3 {[%clk 0:15:27]} Nc6
{[%clk 0:15:27]} 3. d4 {[%clk 0:15:35]} exd4 {[%clk 0:15:33]} 4. Bc4
{[%clk 0:15:42]} d6 {[%clk 0:15:38]} 5. O-O {[%clk 0:15:49]} Be6 {[%clk 0:15:47]}
6. Bxe6 {[%clk 0:15:46]} fxe6 {[%clk 0:15:55]} 7. Nxd4 {[%clk 0:15:53]} Nxd4
{[%clk 0:15:56]} 8. Qxd4 {[%clk 0:16:00]} e5 {[%clk 0:16:05]} 9. Qd5
{[%clk 0:16:01]} Nf6 {[%clk 0:16:12]} 10. Qxb7 {[%clk 0:16:02]} Be7
{[%clk 0:16:11]} 11. Qb3 {[%clk 0:15:49]} Rb8 {[%clk 0:16:14]} 12. Qa4+
{[%clk 0:15:50]} Kf8 {[%clk 0:16:14]} 13. Nc3 {[%clk 0:15:36]} d5
{[%clk 0:16:06]} 14. Nxd5 {[%clk 0:15:16]} Nxd5 {[%clk 0:16:12]} 15. exd5
{[%clk 0:15:23]} Qxd5 {[%clk 0:16:16]} 16. Qxa7 {[%clk 0:15:09]} Rc8
{[%clk 0:16:10]} 17. Qe3 {[%clk 0:13:54]} Kf7 {[%clk 0:16:04]} 18. Re1
{[%clk 0:13:43]} Bf6 {[%clk 0:16:08]} 19. Bd2 {[%clk 0:12:51]} Rhe8
{[%clk 0:16:12]} 20. Bc3 {[%clk 0:12:52]} Kg8 {[%clk 0:16:19]} 21. a4
{[%clk 0:12:32]} Rcd8 {[%clk 0:16:17]} 22. a5 {[%clk 0:12:28]} Ra8
{[%clk 0:16:12]} 23. Red1 {[%clk 0:12:07]} Qb5 {[%clk 0:16:13]} 24. Qe4
{[%clk 0:11:41]} g6 {[%clk 0:15:55]} 25. Qd5+ {[%clk 0:11:08]} Qxd5
{[%clk 0:16:00]} 26. Rxd5 {[%clk 0:11:16]} c6 {[%clk 0:16:03]} 27. Rd7
{[%clk 0:11:22]} c5 {[%clk 0:16:00]} 28. a6 {[%clk 0:11:25]} c4 {[%clk 0:16:02]}
29. a7 {[%clk 0:11:28]} Bd8 {[%clk 0:15:45]} 30. Rb7 {[%clk 0:11:29]} Re7
{[%clk 0:15:47]} 31. Rb8 {[%clk 0:11:27]} Raxa7 {[%clk 0:15:30]} 32. Rxa7
{[%clk 0:11:25]} Rxa7 {[%clk 0:15:37]} 33. Rxd8+ {[%clk 0:11:33]} Kf7
{[%clk 0:15:43]} 34. g3 {[%clk 0:11:34]} Ke6 {[%clk 0:15:50]} 35. Re8+
{[%clk 0:11:42]} Kf5 {[%clk 0:15:56]} 36. Rxe5+ {[%clk 0:11:49]} Kg4
{[%clk 0:16:05]} 37. Kg2 {[%clk 0:11:53]} h5 {[%clk 0:16:11]} 38. h3#
{[%clk 0:12:00]} 1-0

[Event "d12"]
[Site "?"]
[Date "2020.08.28"]
[Round "6.5"]
[White "Zielinska, Aleksandra"]
[Black "Ziobrowska, Maja"]
[Result "1-0"]
[BlackElo "1248"]
[WhiteElo "1196"]
[LiveChessVersion "1.4.8"]

1. e4 e5 2. Nf3 Nc6 3. d4 exd4 4. Nxd4 Bc5 5. Be3 Bxd4 6. Bxd4 Nxd4 7. Qxd4 Qf6
8. Qxf6 Nxf6 9. Nc3 d6 10. Bc4 Be6 11. Bb3 Kd7 12. O-O-O Rhe8 13. Rhe1 Bxb3 14.
cxb3 Re7 15. f3 Rae8 16. Nb5 c6 17. Nxd6 Rb8 18. Nf5+ Ke6 19. Nxe7 Kxe7 20. e5
Nd5 21. Re4 Rc8 22. f4 g6 23. g4 Ke6 24. Rf1 Ne7 25. Ra4 a6 26. Rb4 b5 27. Re4 c5
28. Rd1 Nd5 29. h3 Rc6 30. Rf1 Ne7 31. f5+ gxf5 32. gxf5+ Nxf5 33. Ref4 Nd4 34.
Rf6+ Kxe5 35. Rxc6 Nxc6 36. Rxf7 Nb4 37. a3 Nd3+ 38. Kc2 Nf4 39. Rxh7 Kf5 40. Ra7
Nxh3 41. Rxa6 b4 42. axb4 cxb4 43. Rb6 Nf4 44. Rxb4 Ne6 45. Kd3 Ke5 46. Kc4 Nc7
47. Rb7 Kd6 48. Rxc7 Kxc7 49. Kc5 Kb7 50. Kb5 Ka7 51. Kc6 Ka6 52. b4 Ka7 53. b5
Kb8 54. b6 Ka8 55. b7+ Kb8 56. b3 Ka7 57. Kc7 Ka6 58. b8=Q Ka5 59. Kc6 Ka6 60.
Qb6# 1-0

[Event "d12"]
[Site "?"]
[Date "2020.08.28"]
[Round "6.6"]
[White "Chiszko, Wiktoria"]
[Black "Seemann, Pola"]
[Result "0-1"]
[BlackElo "1226"]
[WhiteElo "1163"]
[LiveChessVersion "1.4.8"]

1. e4 {[%clk 0:13:01]} e5 {[%clk 0:15:19]} 2. Nf3 {[%clk 0:13:09]} Nc6
{[%clk 0:15:28]} 3. Bc4 {[%clk 0:13:13]} Nf6 {[%clk 0:15:36]} 4. Ng5
{[%clk 0:13:21]} d5 {[%clk 0:15:44]} 5. exd5 {[%clk 0:13:29]} Nd4
{[%clk 0:15:51]} 6. c3 {[%clk 0:13:23]} b5 {[%clk 0:15:59]} 7. Be2
{[%clk 0:13:22]} Nxe2 {[%clk 0:15:54]} 8. Qxe2 {[%clk 0:13:30]} Qxd5
{[%clk 0:14:54]} 9. O-O {[%clk 0:12:55]} Be7 {[%clk 0:14:22]} 10. d4
{[%clk 0:12:55]} h6 {[%clk 0:13:50]} 11. Nf3 {[%clk 0:12:50]} e4 {[%clk 0:13:37]}
12. Ne5 {[%clk 0:12:58]} O-O {[%clk 0:13:24]} 13. Bf4 {[%clk 0:12:47]} Bd6
{[%clk 0:12:45]} 14. Nd2 {[%clk 0:12:47]} a6 {[%clk 0:12:11]} 15. f3
{[%clk 0:12:36]} Bb7 {[%clk 0:11:41]} 16. Rfe1 {[%clk 0:12:11]} exf3
{[%clk 0:11:30]} 17. Ndxf3 {[%clk 0:12:16]} Rae8 {[%clk 0:11:21]} 18. Qf2
{[%clk 0:12:12]} Ne4 {[%clk 0:11:01]} 19. Qc2 {[%clk 0:11:19]} c5
{[%clk 0:10:13]} 20. Be3 {[%clk 0:10:19]} cxd4 {[%clk 0:09:11]} 21. Bxd4
{[%clk 0:10:14]} Bxe5 {[%clk 0:09:06]} 22. Nxe5 {[%clk 0:10:04]} Rxe5
{[%clk 0:09:09]} 23. Bxe5 {[%clk 0:10:11]} Qxe5 {[%clk 0:09:17]} 24. Rad1
{[%clk 0:09:59]} Qc5+ {[%clk 0:09:16]} 25. Kf1 {[%clk 0:09:51]} Ng5
{[%clk 0:08:24]} 26. Qf2 {[%clk 0:09:27]} Qc4+ {[%clk 0:08:15]} 27. Qe2
{[%clk 0:09:32]} Qxa2 {[%clk 0:08:07]} 28. Qe7 {[%clk 0:08:59]} Bd5
{[%clk 0:07:12]} 29. Qe2 {[%clk 0:08:55]} Bc4 {[%clk 0:07:14]} 30. Rd3
{[%clk 0:09:03]} Bxd3 {[%clk 0:07:12]} 31. Qxd3 {[%clk 0:09:11]} Qxb2
{[%clk 0:07:10]} 32. Re2 {[%clk 0:09:18]} Qc1+ {[%clk 0:07:11]} 33. Re1
{[%clk 0:09:26]} Qf4+ {[%clk 0:07:15]} 34. Kg1 {[%clk 0:09:33]} Qc4
{[%clk 0:07:09]} 35. Qd2 {[%clk 0:09:34]} Ne4 {[%clk 0:07:13]} 36. Qe3
{[%clk 0:09:41]} Qc5 {[%clk 0:07:10]} 37. Qxc5 {[%clk 0:09:45]} Nxc5
{[%clk 0:07:18]} 38. Re5 {[%clk 0:09:53]} Nd3 {[%clk 0:07:17]} 39. Rxb5
{[%clk 0:09:58]} axb5 {[%clk 0:07:25]} 40. c4 {[%clk 0:10:07]} bxc4
{[%clk 0:07:31]} 41. Kh1 {[%clk 0:10:16]} c3 {[%clk 0:07:40]} 42. Kg1
{[%clk 0:10:25]} c2 {[%clk 0:07:49]} 43. Kh1 {[%clk 0:10:34]} c1=Q# 0-1

[Event "d12"]
[Site "?"]
[Date "2020.08.28"]
[Round "6.7"]
[White "Kulczycka, Zofia"]
[Black "Kawa, Anna"]
[Result "1-0"]
[BlackElo "1207"]
[WhiteElo "1149"]
[LiveChessVersion "1.4.8"]

1. e4 {[%clk 0:15:17]} g6 {[%clk 0:15:14]} 2. d4 {[%clk 0:15:21]} Bg7
{[%clk 0:15:21]} 3. c4 {[%clk 0:15:18]} d6 {[%clk 0:15:16]} 4. Nc3
{[%clk 0:15:13]} Nf6 {[%clk 0:15:01]} 5. Nf3 {[%clk 0:14:54]} Bg4
{[%clk 0:15:06]} 6. Be2 {[%clk 0:14:28]} Nbd7 {[%clk 0:15:11]} 7. h3
{[%clk 0:14:28]} Bxf3 {[%clk 0:15:19]} 8. Bxf3 {[%clk 0:14:24]} O-O
{[%clk 0:15:23]} 9. O-O {[%clk 0:14:25]} c5 {[%clk 0:15:12]} 10. d5
{[%clk 0:14:00]} Ne5 {[%clk 0:15:06]} 11. Be2 {[%clk 0:14:05]} a6
{[%clk 0:14:14]} 12. f4 {[%clk 0:13:50]} Ned7 {[%clk 0:14:13]} 13. a4
{[%clk 0:13:16]} Nb6 {[%clk 0:13:28]} 14. Be3 {[%clk 0:12:01]} Qd7
{[%clk 0:13:26]} 15. e5 {[%clk 0:11:20]} Ne8 {[%clk 0:12:36]} 16. Bg4
{[%clk 0:10:59]} Qc7 {[%clk 0:12:20]} 17. e6 {[%clk 0:10:36]} fxe6
{[%clk 0:12:14]} 18. Bxe6+ {[%clk 0:10:42]} Kh8 {[%clk 0:12:23]} 19. Qd3
{[%clk 0:09:17]} Qd8 {[%clk 0:12:07]} 20. f5 {[%clk 0:08:43]} Nc7
{[%clk 0:11:48]} 21. fxg6 {[%clk 0:08:04]} Nxe6 {[%clk 0:11:55]} 22. dxe6
{[%clk 0:07:55]} hxg6 {[%clk 0:11:31]} 23. Qxg6 {[%clk 0:07:06]} Nxc4
{[%clk 0:11:31]} 24. Rxf8+ {[%clk 0:06:47]} Qxf8 {[%clk 0:11:32]} 25. Rf1
{[%clk 0:06:10]} Qg8 {[%clk 0:11:19]} 26. Qh5+ {[%clk 0:05:02]} Qh7
{[%clk 0:11:15]} 27. Qxh7+ {[%clk 0:04:45]} Kxh7 {[%clk 0:11:24]} 28. Bg5
{[%clk 0:04:46]} Bd4+ {[%clk 0:10:47]} 29. Kh1 {[%clk 0:04:41]} Re8
{[%clk 0:10:09]} 30. Nd5 {[%clk 0:03:52]} Nxb2 {[%clk 0:09:44]} 31. Rf7+
{[%clk 0:03:39]} Kg6 {[%clk 0:09:52]} 32. Bxe7 {[%clk 0:02:49]} Nxa4
{[%clk 0:09:45]} 33. Nf4+ {[%clk 0:02:36]} Kh6 {[%clk 0:09:49]} 34. Bxd6
{[%clk 0:02:20]} Be3 {[%clk 0:09:17]} 35. e7 {[%clk 0:01:51]} Bxf4
{[%clk 0:09:03]} 36. Rxf4 {[%clk 0:01:52]} c4 {[%clk 0:08:30]} 37. Rf8
{[%clk 0:01:07]} c3 {[%clk 0:08:12]} 38. Rxe8 {[%clk 0:01:06]} c2
{[%clk 0:08:18]} 39. Rc8 {[%clk 0:01:12]} Nb6 {[%clk 0:08:22]} 40. Rxc2
{[%clk 0:01:16]} Nd5 {[%clk 0:08:30]} 41. e8=Q {[%clk 0:01:20]} Nf6
{[%clk 0:08:37]} 42. Qf8+ {[%clk 0:01:24]} Kg6 {[%clk 0:08:46]} 43. Rf2
{[%clk 0:01:28]} Nh7 {[%clk 0:08:42]} 44. Qf7+ {[%clk 0:01:34]} Kh6
{[%clk 0:08:50]} 45. Bf8+ {[%clk 0:01:36]} Kg5 {[%clk 0:08:57]} 46. Rf5+
{[%clk 0:01:40]} Kh4 {[%clk 0:09:03]} 47. Qxh7+ {[%clk 0:01:32]} Kg3
{[%clk 0:09:10]} 48. Rf3# {[%clk 0:01:38]} 1-0